000 00456nam a22001817a 4500
003 CEME
005 20210628210015.0
008 210210b xxu||||| |||| 00| 0 eng d
020 _a81-203-1360-7
040 _c.
082 _a005.133 WIL
100 _aWilson, Gregory.V
_977804
245 _aPractical parallel programming
260 _aNEW DELHI
_bPRENTICE HALL
_c1999
300 _a539P
650 _aPARALLEL PROGRAMMING
_977805
942 _cBK
_2ddc
999 _c583017
_d583017